000 00981cam a22002291 4500
001 e 13001961
003 DLC
005 20260227111201.0
008 940429s1904 gw 000 0 ger c
010 _ae 13001961
035 _a(OCoLC)30352036
040 _aLibrary, U.S. Bur. of Education
_cCU
_dCU
_dDLC
042 _apremarc
050 0 0 _aL101.G3
_bB4 heft 5
100 1 _aRückert, Georg.
245 0 0 _aGeschichte des schulwesens der stadt Lauingen vom ausgange des mittelalters bis zum anfange des 19. jahrhunderts.
260 _aBerlin,
_bA. Hofmann & komp.,
_c1904.
300 _a2 p. l., 72 p.
_c26 cm.
440 0 _aBeihefte zu den Mitteilungen der Gesellschaft für deutsche erziehungs- und schulgeschichte. Hrsg. von der Gesellschaft für deutsche erziehungs- und schulgeschichte,
_v5. Beiträge zur geschichte der erziehung und des unterrichts in Bayern. [5. hft.]
500 _aSubseries title also at head of t.-p.
650 0 _aEducation
_zLauningen
_xHistory.
999 _c19602
_d19602